Teoría elemental del concreto reforzado : (Record no. 7145)

000 -CABECERA
fixed length control field 01087nam a22002297a 4500
003 - IDENTIFICADOR DEL NÚMERO DE CONTROL
control field AR-CdUCM
008 - DATOS DE LONGITUD FIJA--INFORMACIÓN GENERAL
fixed length control field 190320b ||||| |||| 00| 0 spa d
040 ## - FUENTE DE LA CATALOGACIÓN
Agencia/entidad que catalogó originalmente la obra MUNICIPALIDAD PROVINCIAL DEL CUSCO
Entidad que transcribió la catalogación BIBLIOTECA MUNICIPAL DEL CUSCO
082 ## - NÚMERO DE LA CLASIFICACIÓN DECIMAL DEWEY
No. de la edición 1ed. (tercera impresión)
No. de Clasificación 620.136 /
Notacion interna F38
100 ## - ENTRADA PRINCIPAL--NOMBRE DE PERSONA
Nombre Personal Ferguson, Phil M.
245 ## - MENCIÓN DE TÍTULO
Título Teoría elemental del concreto reforzado :
Resto del título destacando los métodos basados en la resistencia a la ruptura /
260 ## - PUBLICACIÓN, DISTRIBUCIÓN, ETC.
Lugar de publicación, distribución, etc. México D. F. :
Nombre de la editorial, distribuidor, etc. Continental,
Fecha de publicación, distribución, etc. 1972.
300 ## - DESCRIPCIÓN FÍSICA
Nº de Páginas Extensión 786 páginas ;
Otros detalles físicos tablas, figuras,
Dimensiones 22 cm.
505 ## - NOTA DE CONTENIDO CON FORMATO
Nota de contenido formateada Contenido: Materiales y especificaciones -- Columnas con carga axial -- Análisis de las vigas por la teoría d la resistencia de ruptura -- Proyecto para flexión por la teoría de la resistencia a la ruptura -- Estudio de la flexión empleando los esfuerzos de trabajo ...
650 ## - PUNTO DE ACCESO ADICIONAL DE MATERIA--TÉRMINO DE MATERIA
Descriptor Concreto reforzado
9 (RLIN) 20146
650 ## - PUNTO DE ACCESO ADICIONAL DE MATERIA--TÉRMINO DE MATERIA
Descriptor Proyectos de muros
9 (RLIN) 20147
650 ## - PUNTO DE ACCESO ADICIONAL DE MATERIA--TÉRMINO DE MATERIA
Descriptor Vigas, losas, columnas
9 (RLIN) 20148
700 ## - PUNTO DE ACCESO ADICIONAL--NOMBRE DE PERSONA
Nombre Personal Lepe, Jose Luis (traducción)
9 (RLIN) 20149
942 ## - ELEMENTOS DE PUNTO DE ACCESO ADICIONAL (KOHA)
Fuente de clasificación
Tipo de item Libros-BMC
945 ## - PROCESAMIENTO DE INFORMACIÓN LOCAL (OCLC)
Catalogador achl
Holdings
Estado de retiro (separado) Fuente de clasificación o esquema de estanterías Estado dañado Ubicación Sala donde se ubica Nombre de la colección Fecha de adquisición o compra Costo, precio normal en soles Signatura topográfica Código de Barras Última vez visto (Koha) Tipo de ítem (Koha)
No     Sala Ciencias Sala Ciencias Book Cart 2019-03-20 35.00 620.136 / F38 SC0000000317 2019-03-20 Libros-BMC

Powered by Koha